00922 a2200193 45000010006000000050017000060080041000230030015000640400040000790800059001192450032001780200022002102640033002323000019002655050320002840410008006041000021006128560095006334111020260407155705.0260407a2010 arg spa dAR-UNSa-BCEJYS aAR-UNSa-BCEJYSbspacAR-UNSa-BCEJYS a347.74xContratos mercantiles (comerciales...leasing))10aContratos de distribución a978-950-894-809-0 1aBuenos Aires :bAD-HOCc2010 a194 p.c23 cm. a1. Los contratos de distribución. La indemnización por rescición inteprestiva - 2. Características de las relaciones comerciales entre productores y distribuidores - 3. Análisis económico de los criterios sobre terminación e indemnización de los contratos de distribución - 4. Conclusiones finales aspa1 aDoynel, Santiago41uhttps://biblioeco.unsa.edu.ar/pmb/images/libros/L126385.jpgyImagen de portadaqimage/jpeg